Word Scramble - VCT Champions 2024 Players #5 - Statistics

General Stats
  • This quiz has been taken 243 times
  • The average score is 13 of 16
Answer Stats
Hint Answer % Correct
ciy icy
99%
acsy Sacy
99%
zten TenZ
99%
kia Kai
95%
hsyy Shyy
94%
ckiks Kicks
93%
eutyjey yetujey
93%
hwzy whzy
89%
aaefrjl Alfajer
84%
kilaa Lakia
78%
emtreo Meteor
75%
cunmhnik Munchkin
72%
tyijbos JitBoyS
62%
mioionb MiniBoo
62%
ribnel BerLIN
46%
cfhsakbla Flashback
44%
No matching quizzes found
Score Distribution
Percent of People with Each Score
Percentile by Number Answered
Your Score History
You have not taken this quiz